000 01428nam a2200349 i 4500
003 EG-GICUC
005 20260121101239.0
008 251118b1970 ua ||||f |||| 00| 0 ara d
040 _a EG-GICUC
_c EG-GICUC
_d EG-GICUC
_erda
_bara
041 _aara
082 0 4 _221
_a352.2
_bز ك . ت
092 0 4 _221
099 _aLaw1 09 352.2 ز ك . ت 1970
100 0 _aزكي محمود هاشم
_eمؤلف.
245 _aتقويم وظائف الإدارة في الجمهورية العربية المتحدة /
_cإعداد دكتور زكي محمود هاشم.
264 _aالقاهرة :
_bجامعة الدول العربية-المنظمة العربية للعلوم الإدارية، مركز البحوث الإدارية،
_c1970.
300 _a47 صفحة ؛
_c24 سم.
_bإيضاحيات، صور، مثيليات ؛
336 _2rda content
_atext
337 _2rda media
_aComputer
338 _2rda carrier
_aOnline Resource
490 _v28
504 _aببليوجرافيا: صفحة 47.
546 _aالنص باللغة العربية
650 1 _aتقويم الوظائف
_2qrmak
650 1 _aالوظيفة العامة
_2qrmak
650 1 _2qrmak
_aالإدارة العامة
650 1 _2qrmak
_aالقانون الإداري
651 1 _2qrmak
_aمصر
856 4 0 _uhttps://fll.law.cu.edu.eg/fulltext/bks/B09-00510.pdf
905 _aWesam Mahmoud
942 _2ddc
_n0
_cBK
_e21
999 _c44204
_d44204